El primer amor / (Registro nro. 4037)

Detalles MARC
000 -LEADER
fixed length control field 00794nam a2200229Ia 4500
003 - CONTROL NUMBER IDENTIFIER
control field OSt
005 - DATE AND TIME OF LATEST TRANSACTION
control field 20250619153119.0
008 - FIXED-LENGTH DATA ELEMENTS--GENERAL INFORMATION
fixed length control field 191128t2011 ck er 000 f spa d
020 ## - INTERNATIONAL STANDARD BOOK NUMBER
International Standard Book Number 9789589993545
040 ## - CATALOGING SOURCE
Original cataloging agency CO-JMCR
Transcribing agency CO-JMCR
041 ## - LANGUAGE CODE
Language code of text/sound track or separate title spa
082 04 - DEWEY DECIMAL CLASSIFICATION NUMBER
Classification number J-N
Item number TURp
100 1# - MAIN ENTRY--PERSONAL NAME
Personal name Turguéniev, Iván Serguéievich,
Dates associated with a name 1818-1883
Relator term autor
9 (RLIN) 8234
245 13 - TITLE STATEMENT
Title El primer amor /
Statement of responsibility, etc. Iván Turguéniev ; Traducción de Julio Paredes
250 ## - EDITION STATEMENT
Edition statement Primera edición
260 ## - PUBLICATION, DISTRIBUTION, ETC.
Place of publication, distribution, etc. Bogotá :
Name of publisher, distributor, etc. Idartes,
Date of publication, distribution, etc. ©2011
300 ## - PHYSICAL DESCRIPTION
Extent 76 páginas ;
Dimensions 17 cm.
490 0# - SERIES STATEMENT
Series statement Libro al viento
520 ## - SUMMARY, ETC.
Summary, etc. Narrado bajo el esquema de una historia entre otra historia, con el recurso de la rememblanza de episodios íntimos, sucedidos en un tiempo pasado y lejano.
650 14 - SUBJECT ADDED ENTRY--TOPICAL TERM
Topical term or geographic name entry element Novela
9 (RLIN) 8235
942 ## - ADDED ENTRY ELEMENTS (KOHA)
Source of classification or shelving scheme Dewey Decimal Classification
Koha item type Books
Existencias
Withdrawn status Lost status Source of classification or shelving scheme Damaged status Not for loan Collection code Home library Current library Date acquired Source of acquisition Full call number Barcode Date last seen Copy number Koha item type Total Checkouts Price effective from
    Dewey Decimal Classification     Fiction Biblioteca Pública José María del Castillo y Rada Biblioteca Pública José María del Castillo y Rada 11/28/2019 Donación J-N TURp 201808833 11/28/2019 Ej.1 Books    
    Dewey Decimal Classification     Fiction Biblioteca Pública José María del Castillo y Rada Biblioteca Pública José María del Castillo y Rada 11/28/2019 Donación J-N TURp 201811373 11/17/2021 Ej.2 Books   11/17/2021